Hauptstadt deutscher Bundesländer - Statistiken

Allgemein
  • Dieses Quiz wurde 100 mal gespielt
  • Das Durchschnittsergebnis liegt bei 15 aus 16
Antwortstatistiken
Hint Antwort % Korrekt
Bayern München
100%
Berlin Berlin
99%
Bremen Bremen
99%
Hamburg Hamburg
99%
Schleswig-Holstein Kiel
95%
Baden-Württemberg Stuttgart
95%
Niedersachsen Hannover
94%
Saarland Saarbrücken
94%
Sachsen Dresden
93%
Nordrhein-Westfalen Düsseldorf
93%
Brandenburg Potsdam
92%
Thüringen Erfurt
86%
Rheinland-Pfalz Mainz
86%
Mecklenburg-Vorpommern Schwerin
83%
Hessen Wiesbaden
83%
Sachsen-Anhalt Magdeburg
79%
Keine übereinstimmenden Quizze gefunden
Verteilung der Resultate
Anzahl Personen mit jedem Resultat
Perzentil nach korrekt beantworteten Fragen
Ihre Resultats-Entwicklung
Sie haben dieses Quiz noch nicht gespielt